|
|
|
|
| LEADER |
00930nam a2200265 a 4500 |
| 001 |
1723620 |
| 008 |
100114s1974 nyu b 001 0 eng d |
| 010 |
|
|
|a 73011539
|
| 020 |
|
|
|a 0155814176
|
| 040 |
|
|
|a DLC
|c DLC
|d DLC
|d BD-DhAAL
|
| 082 |
0 |
0 |
|a 301.1
|
| 999 |
|
|
|c 7000
|d 7000
|
| 999 |
|
|
|c 7000
|
| 999 |
|
|
|c 7000
|
| 100 |
1 |
|
|a Homans, George Caspar,
|d 1910-
|9 19797
|
| 245 |
1 |
0 |
|a Social behavior :
|b its elementary forms.
|c George Caspar Homans, editorship of Robert K. Merton
|
| 250 |
|
|
|a Rev. ed.
|
| 260 |
|
|
|a New York :
|b Harcourt, Brace, Jovanovich,
|c 1974
|
| 300 |
|
|
|a xi, 386 p. ;
|c 25 cm.
|
| 504 |
|
|
|a Bibliography: p. 374-380.
|
| 541 |
1 |
|
|e 00000207
|
| 650 |
|
0 |
|a Social interaction.
|9 19798
|
| 852 |
4 |
|
|a Ayesha Abed Library
|j General Shelf.
|
| 942 |
|
|
|2 ddc
|c BK
|
| 952 |
|
|
|0 0
|1 0
|2 ddc
|4 0
|6 301_100000000000000_HOM_1974
|7 0
|9 7255
|a BRACUL
|b BRACUL
|c GEN
|d 2010-01-17
|g 1628.00
|l 0
|o 301.1 HOM
|p 3010000207
|r 2010-01-17
|t 1
|w 2010-01-17
|y BK
|